书目信息 |
| 题名: |
普通物理学(第五版)导教·导学·导考
|
|
| 作者: | 汤毓骏 编 | |
| 分册: | ||
| 出版信息: | 西安 西北工业大学出版社 2006 |
|
| 页数: | 320页 | |
| 开本: | 23cm | |
| 丛书名: | 三导丛书 | |
| 单 册: | ||
| 中图分类: | O4 | |
| 科图分类: | ||
| 主题词: | 普通物理学--高等学校--教学参考资料 | |
| 电子资源: | ||
| ISBN: | 7-5612-1538-X | |
| 000 | 00830nam2 2200265 45 | |
| 001 | 070730001115 | |
| 005 | 20071015160038.51 | |
| 010 | @a7-5612-1538-X@dCNY26.00 | |
| 100 | @a20030227d2006 ekmy0chiy0120 ea | |
| 101 | 0 | @achi |
| 102 | @aCN@b610100 | |
| 105 | @aak z 000yy | |
| 200 | 1 | @a普通物理学(第五版)导教·导学·导考@APu Tong Wu Li Xue( Di Wu Ban) Dao Jiao· Dao Xue· Dao Kao@f汤毓骏主编 |
| 205 | @a2版 | |
| 210 | @a西安@c西北工业大学出版社@d2006 | |
| 215 | @a320页@c图@d23cm | |
| 225 | 2 | @a三导丛书 |
| 330 | @a本书按原书的篇章结构,给出了每章的教学基本要求,内容提要、知识结构框图等。 | |
| 333 | @a读者对象:一般读者。 | |
| 410 | 0 | @12001 @a三导丛书 |
| 606 | @a普通物理学@x高等学校@x教学参考资料 | |
| 690 | @aO4@v4 | |
| 701 | 0 | @a汤毓骏@AShang Yu Jun@4编 |
| 801 | 0 | @aCN@c20071015 |
| 905 | @dO4@eT220 | |
| 普通物理学(第五版)导教·导学·导考/汤毓骏主编.-2版.-西安:西北工业大学出版社,2006 |
| 320页:图;23cm.-(三导丛书) |
| 使用对象:读者对象:一般读者。 |
| ISBN 7-5612-1538-X:CNY26.00 |
| 本书按原书的篇章结构,给出了每章的教学基本要求,内容提要、知识结构框图等。 |
| ● |
| 相关链接 |
|
|
|
正题名:普通物理学(第五版)导教·导学·导考
索取号:O4/T220
 
预约/预借
| 序号 | 登录号 | 条形码 | 馆藏地/架位号 | 状态 | 备注 |
| 1 | 652485 | 206524858 | 自科库401/401自科库 54排5列1层/ [索取号:O4/T220] | 在馆 | |
| 2 | 652486 | 206524867 | 自科库401/401自科库 54排5列1层/ [索取号:O4/T220] | 在馆 | |
| 3 | 652487 | 206524876 | 自科库401/401自科库 54排5列1层/ [索取号:O4/T220] | 在馆 |